00650 a2200181 450000100060000002000180000604000220002410000210004624000490006724500440011630000080016036200090016865000430017794200070022095201120022795201120033999900170045167890 a9788539005963 cAnchieta - Pituba aIoschpe, Gustavo10aO que o Brasil quer ser quando crescer?lpor10aO que o Brasil quer ser quando crescer? a2540 a2014 4aHistória da Educação Brasielira  cBK 00104070a91.1b91.1d2023-11-21l0o370.981 I64q IOS OQUp22939/PITr2023-11-21 18:35:52w2023-11-21yBK 00104070a91.1b91.1d2023-11-21l0o370.981 I64q IOS OQUp23934/PITr2023-11-21 18:35:52w2023-11-21yBK c67890d67890